000 01584cam a22004454i 4500
003 PE-LiUPU
005 20250731173317.0
008 150625s r 000 0 d
020 _a0789913542
035 _a(Sirsi) i9780789913548
040 _aPE-LiUPU
_bspa
_cPE-LiUPU
_erda
049 _aPRUA
082 0 4 _a250.22
_bH22
_221
100 1 _aHarris, Joshua,
_eautor.
245 1 1 _a¡Deje de coquetear con la iglesia! /
_cJoshua Harris.
264 1 _aMiami :
_bUnilit,
_c
300 _a140 páginas ;
_c18 centímetros
336 _atext
_2rdacontent
337 _aunmediated
_2rdamedia
338 _avolume
_2rdacarrier
505 0 _a¿Puede salvarse esta relación?. -El sigue llamandola su esposa. -¿Por qué necesitamos en realidad la iglesia local?. -Unase al club. -Cómo elegir su iglesia. -Rescate el domingo. -El lugar mas preciado de la tierra.
526 _aSEG42
526 _aSEG41
526 _aSEG40
526 _aSEG39
526 _aP94
526 _aP87
526 _aP86
526 _aP85
526 _aP77
526 _aP76
526 _aP35
541 _g001-0000164;
650 0 4 _aIglesia.
942 _2ddc
_cBOOK
949 _a250.22 H22
_wDEWEY
_c1
_i56694
_lCCODEBUL1
_mBUL
_p7.00
_r0
_sY
_tBOOK
_u2015-6-25
_xTEOLOGIA
_zUNKNOWN
_0COMPRA
_o.STAFF. Colección General
994 _aC0
_bPEPRU
596 _a1
999 _a250.22 H22
_wDEWEY
_c45847
_i56694
_f2021-11-10
_g5
_lCCODEBUL1
_mBUL
_p7.00
_r0
_sY
_tBOOK
_u2015-6-25
_xTEOLOGIA
_zUNKNOWN
_0COMPRA
_o.STAFF. Colección General
_d45847
980 _81
_gALBERTO SANCHEZ Responsable de Automatización